Safe building firms slash insurance costs (Record no. 72242)
[ view plain ]
| 000 -LEADER | |
|---|---|
| fixed length control field | 01273cam a2200217 4500 |
| 001 - CONTROL NUMBER | |
| control field | WB3909-18 |
| 008 - FIXED-LENGTH DATA ELEMENTS--GENERAL INFORMATION | |
| fixed length control field | 030306n2003 000 0 eng u |
| 035 ## - SYSTEM CONTROL NUMBER | |
| System control number | (Sirsi) u121543 |
| 245 ## - TITLE STATEMENT | |
| Title | Safe building firms slash insurance costs |
| 260 ## - PUBLICATION, DISTRIBUTION, ETC. | |
| Date of publication, distribution, etc. | 2003 |
| 490 ## - SERIES STATEMENT | |
| Series statement | Health and Safety Bulletin |
| Volume/sequential designation | (316) March 2003, 5(1) |
| 520 ## - SUMMARY, ETC. | |
| Summary, etc. | As part of government's anti-cowboy builder initiative, Quality Mark, small building firms that specialise mostly in home improvements, can secure a reduction of 20% on their insurance premiums. The initiative also lists on a single national register the contact details of firms who have made the Quality Mark standard; the list is accessible either online at http://www.qualitymark.org.uk or +44 (0)845 3008040. To qualify for the discount on public and employers' liability insurance premiums, firms with up to 20 manual employees must first be successfully veted by the Contractors Health and Safety Scheme (CHAS). Larger firms will not receive the discount but will benefit in other ways. |
| 590 ## - LOCAL NOTE (RLIN) | |
| Local note | WB |
| 650 ## - SUBJECT ADDED ENTRY--TOPICAL TERM | |
| Topical term or geographic name entry element | PUBLIC LIABILITY INSURANCE |
| 650 ## - SUBJECT ADDED ENTRY--TOPICAL TERM | |
| Topical term or geographic name entry element | EMPLOYERS LIABILITY INSURANCE |
| 650 ## - SUBJECT ADDED ENTRY--TOPICAL TERM | |
| Topical term or geographic name entry element | CONSTRUCTION FIRMS |
| 650 ## - SUBJECT ADDED ENTRY--TOPICAL TERM | |
| Topical term or geographic name entry element | SMALL BUSINESSES |
| 650 ## - SUBJECT ADDED ENTRY--TOPICAL TERM | |
| Topical term or geographic name entry element | QUALITY MARK |
| 690 ## - LOCAL SUBJECT ADDED ENTRY--TOPICAL TERM (OCLC, RLIN) | |
| Topical term or geographic name as entry element | Insurance |
| 9 (RLIN) | 6249 |
| 942 ## - ADDED ENTRY ELEMENTS (KOHA) | |
| Suppress in OPAC | 0 |
| Withdrawn status | Lost status | Source of classification or shelving scheme | Damaged status | Not for loan | Home library | Current library | Shelving location | Date acquired | Total Checkouts | Full call number | Barcode | Date last seen | Copy number | Price effective from | Koha item type |
|---|---|---|---|---|---|---|---|---|---|---|---|---|---|---|---|
| Dewey Decimal Classification | London | London | News article | 06/03/2003 | WB3909-18 | 121543-1001 | 06/08/2019 | 1 | 06/08/2019 | News article |